Statistics for 2016 Obituaries

Click here to take the quiz!

General Stats

  • This quiz has been taken 14,802 times
    (8,018 since last reset)
  • The average score is 11 of 21

Answer Stats

AgeHintPerson% Correct
57"Purple Rain" singer who changed his name to a symbol in 1993Prince
95%
90Leader of Cuba for nearly 50 yearsFidel Castro
92%
74Boxer who fought the "Thrilla in Manila" and the "Rumble in the Jungle"Muhammad Ali
90%
69Singer with an androgynous alter ego named Ziggy StardustDavid Bowie
86%
60Actress who starred as Princess Leia in "Star Wars"Carrie Fisher
83%
69Actor who portrayed Hans Gruber and Severus SnapeAlan Rickman
67%
53English singer who recorded "Faith", the #1 charting song for the year 1988George Michael
66%
94Actress turned political wife. She urged Americans to "Just Say No" to drugsNancy Reagan
59%
89Author of "To Kill a Mockingbird"Harper Lee
59%
83Actor who portrayed Willy Wonka and Young FrankensteinGene Wilder
57%
87Popular golfer; namesake of a lemonade/iced tea drinkArnold Palmer
50%
84Mother of the above who died the next day. Star of "Singin' in the Rain"Debbie Reynolds
49%
99Hungarian-American actress, sister of Eva, who was married nine timesZsa Zsa Gabor
46%
69Canadian star of "Growing Pains". Father to pop singer RobinAlan Thicke
45%
82Canadian singer-songwriter who recorded "Hallelujah" and "Suzanne"Leonard Cohen
42%
95First American to orbit the EarthJohn Glenn
38%
93Egyptian with a repetetive name who was General Secretary of the UNBoutros Boutros-Ghali
29%
46Toronto mayor notorious for smoking crackRob Ford
26%
88Detroit Red Wings star who played 32 seasons of professional hockeyGordie Howe
20%
90Music producer known as "The Fifth Beatle"George Martin
20%
93Israeli PM who won the Peace Prize, together with Rabin and ArafatShimon Peres
12%

Score Distribution

Percentile by Number Answered

Percent of People with Each Score

Your Score History

You have not taken this quiz since the last reset